Normal view
MARC view
Entry Personal Name
001 - CONTROL NUMBER
- control field: 1236177
003 - CONTROL NUMBER IDENTIFIER
- control field: OSt
005 - DATE AND TIME OF LATEST TRANSACTION
- control field: 20260430150014.0
008 - FIXED-LENGTH DATA ELEMENTS
- fixed length control field: 260430|| aca||aabn | a|a d
040 ## - CATALOGING SOURCE
- Original cataloging agency: OSt
- Transcribing agency: OSt
100 ## - HEADING--PERSONAL NAME
- Personal name: Gupta Kanika Au.; Dasgupta Indranil Gu
670 ## - SOURCE DATA FOUND
- Source citation: Work cat.: (OSt)1848707: Gupta Kanika Au.; Dasgupta Indranil Gu., Infectivity of okra enation leaf curl virus and promoter analysis of viruses infecting okra and cassava, 2022
